Trade secrets for nonprofit managers / (Record no. 345386)
[ view plain ]
| 000 -LEADER | |
|---|---|
| fixed length control field | 02066 a2200229 4500 |
| 020 ## - INTERNATIONAL STANDARD BOOK NUMBER | |
| International Standard Book Number | 0471389528 |
| 020 ## - INTERNATIONAL STANDARD BOOK NUMBER | |
| International Standard Book Number | 9780471389521 |
| 082 04 - DEWEY DECIMAL CLASSIFICATION NUMBER | |
| Classification number | 658.048 |
| 090 ## - LOCALLY ASSIGNED LC-TYPE CALL NUMBER (OCLC); LOCAL CALL NUMBER (RLIN) | |
| -- | 2896 |
| -- | 2896 |
| 100 1# - MAIN ENTRY--PERSONAL NAME | |
| Personal name | McLaughlin, Thomas A. |
| 245 10 - TITLE STATEMENT | |
| Title | Trade secrets for nonprofit managers / |
| Statement of responsibility, etc. | Thomas A. McLaughlin. |
| 250 ## - EDITION STATEMENT | |
| Edition statement | 1st ed. |
| 260 ## - PUBLICATION, DISTRIBUTION, ETC. | |
| Place of publication, distribution, etc. | [S.l.] : |
| Name of publisher, distributor, etc. | Wiley, |
| Date of publication, distribution, etc. | 2001. |
| 300 ## - PHYSICAL DESCRIPTION | |
| Extent | 240 p. ; |
| Dimensions | 23 cm. |
| 490 1# - SERIES STATEMENT | |
| Series statement | Wiley nonprofit law, finance and management series. |
| 500 ## - GENERAL NOTE | |
| General note | Paperback. |
| 520 ## - SUMMARY, ETC. | |
| Summary, etc. | Become a More Effective Manager–and Have More Fun Doing It From the nonprofit world’s most beloved columnist come easy lessons on how to become a better, and happier, manager. This book weaves together many of the most important ideas found in Thomas McLaughlin’s hugely popular Nonprofit Times columns into a highly entertaining, motivating, and educational guide for nonprofit managers. McLaughlin’s affable but always dead-on treatment of the realities of the nonprofit world provides managers with a bold new perspective on their industry and their roles in it. The book shows how essential it is to managers’ well-being to keep in mind that they are more than the sum of their individual tasks, and it offers the support that so often eludes them. Trade Secrets for Nonprofit Managers arms you with valuable tools and tips for professional and organizational development and shows you how to: Use the unspoken truths of nonprofit management Make the connection between vision and mission Challenge the subtly counterproductive niceties afforded nonprofits in order to get things done Get informed, inspired–and entertained–with this one-of-a-kind guide to one of the fastest growing sectors in |
| 830 ## - SERIES ADDED ENTRY--UNIFORM TITLE | |
| Uniform title | Wiley nonprofit law, finance and manag |
| 856 ## - ELECTRONIC LOCATION AND ACCESS | |
| Materials specified | Amazon.com |
| Uniform Resource Identifier | <a href="http://www.amazon.com/exec/obidos/ASIN/0471389528/ch">http://www.amazon.com/exec/obidos/ASIN/0471389528/ch</a> |
| 856 ## - ELECTRONIC LOCATION AND ACCESS | |
| Materials specified | Amazon customer reviews |
| Uniform Resource Identifier | <a href="http://www.chopac.org/cgi-bin/tools/azrev.pl">http://www.chopac.org/cgi-bin/tools/azrev.pl</a> |
| 942 ## - ADDED ENTRY ELEMENTS (KOHA) | |
| Institution code [OBSOLETE] | NBS |
| Koha item type | Book |
| Call number prefix | 658.048 MCL |
| Withdrawn status | Lost status | Damaged status | Not for loan | Permanent Location | Current Location | Date acquired | Total Checkouts | Full call number | Barcode | Date last seen | Price effective from | Koha item type |
|---|---|---|---|---|---|---|---|---|---|---|---|---|
| Central Library (CL) | Central Library (CL) | 08/28/2013 | 658.048 MCL | NBS5255 | 08/28/2013 | 08/28/2013 | Book |
